The Structural study of myth and totemism /
Enregistré dans:
| Autres auteurs: | |
|---|---|
| Format: | Inconnue |
| Langue: | English |
| Publié: |
Londres :
Tavistock Publications,
1967.
|
| Sujets: | |
| Tags: |
Ajouter un tag
Pas de tags, Soyez le premier à ajouter un tag!
|
MARC
| LEADER | 000000000a22000000004500 | ||
|---|---|---|---|
| 001 | 014242 | ||
| 041 | 0 | |a eng | |
| 082 | 0 | 4 | |a 291.1 |b L434s |
| 700 | 1 | |a Leach, Edmund Ronald, |e editor | |
| 245 | 1 | 4 | |a The Structural study of myth and totemism / |c Edmund Ronald Leach, editor. |
| 260 | 1 | |a Londres : |b Tavistock Publications, |c 1967. | |
| 300 | |a 185 páginas : |b mapas, diagramas ; |c 22 cm. | ||
| 650 | 4 | |a ANTROPOLOGIA ESTRUCTURAL | |
| 650 | 4 | |a MITOLOGIA | |
| 650 | 4 | |a TOTEMISMO | |
| 500 | |a Colección George Yúdice | ||
| 999 | |c 20136 |d 20136 | ||
| 942 | |c BK |h 291.1 L434s |2 z | ||
